000 00594nam a2200193 a 4500
005 20241121063752.0
008 991125s1988 es 000 0 spa u
020 _a8439714319
035 _aUPN01000004200
049 _aCG
050 4 _aQC21.2
_bM6.3
100 1 _aMoreno González, Antonio
245 1 0 _aAproximación a la física :
_buna historia de visionarios, rebeldes y creadores /
_cAntonio Moreno González.
260 _aMadrid :
_bMontena Aula,
_c1988.
300 _a158 p. :
_bil.
440 0 _aGalileo 2000 ;
_v5
650 4 _aFísica
_xEstudio y enseñanza
_912270
905 _aLibro
999 _c4200
_d4200